TOP 20 - Comuni più popolosi in Provincia di Trento - Statistics

Statistiche generali
  • Questo quiz è stato fatto 30 volte
  • Il punteggio medio è 10 su 20
Statistiche sulle risposte
Hint Risposta % Corretto
118.911 Trento
100%
40.297 Rovereto
91%
17.787 Riva del Garda
73%
8.860 Ala
64%
17.654 Arco
64%
7.147 Borgo Valsugana
59%
9.213 Lavis
59%
8.288 Levico Terme
59%
21.592 Pergine Valsugana
59%
7.396 Cles
55%
5.485 Mezzocorona
55%
7.699 Mezzolombardo
55%
5.095 Dro
50%
10.271 Mori
50%
5.432 Ledro
32%
5.280 Baselga di Piné
23%
4.979 Primiero San Martino di Castrozza
23%
5.249 Valleleghi
23%
5.152 Altopiano della Vigolana
14%
7.000 Predaia
9%
Nessun quiz corrispondente trovato
Distribuzione punteggi
Percentuale di utenti per punteggio
Percentile per numero di risposta
I tuoi punteggi nel tempo
Non hai fatto questo quiz